000 00411nam a2200181Ia 4500
001 10164
005 20260306161811.0
008 260306t1991||||xx |||||||||||||| ||spa||
041 _aESP
082 _a901
_bW35
100 _aWeber, Alfred
_eAUT
245 0 _aHistoria de la cultura
260 _c1991
300 _a358 páginas :
_c23 cm.
650 _aGEN
654 _aCHU
942 _cLIB
_dJUS
_fJUS
_2ddc
_n
999 _c10164
_d10164